LEADER 01175cam2 22002891 450 001 SOBE00019862 005 20111121164023.0 100 $a20111121d1818 |||||ita|0103 ba 101 $alat 102 $aIT 200 0 $a2 210 $aAugustae Taurinorum$cex typis viduae Pomba et filiorum$d1818 215 $a323 p.$d25 cm 225 2 $aCollectio latinorum scriptorum cum notis 410 1$1001SOBE00019441$12001 $a*Collectio latinorum scriptorum cum notis 461 1$1001SOBE00019858$12001 $a<>De Bello Gallico et Civili, accedunt libri De Bello Alexandrino, Africano et Hispaniensi / e nuperrima recensione Ier. Iac. Oberlini 700 1$aCaesar$b, Gaius Iulius$3A600200030867$4070$0438938 702 1$aOberlin, Jérémie Jacques$3SOBA00001581$4070 801 0$aIT$bUNISOB$c20111121$gRICA 850 $aUNISOB 852 $aUNISOB$j090|Coll|1|K$m2860 912 $aSOBE00019862 940 $aM 103 Monografia antica SBN 941 $aM 957 $a090|Coll|1|K$b000020$i-2$fConsultabile previa autorizzazione$gNO$d2860$1bethb$2UNISOB$3UNISOB$420111121164028.0$520120405100053.0$6bethb 996 $a2$91720290 997 $aUNISOB LEADER 01116cam0 2200289 450 001 E600200050142 005 20160217115606.0 010 $a8871048822 100 $a20090611d1994 |||||ita|0103 ba 101 $aita 102 $aIT 200 1 $a"Usu" in manum convenire$fIsabella Piro 210 $aNapoli$cEdizioni Scientifiche Italiane$d1994 215 $a188 p.$d24 cm 225 2 $aPubblicazioni della Facoltà di Giurisprudenza di Catanzaro$fUniversità degli Studi di Reggio Calabria$v24 300 $a(mm) 410 1$1001LAEC00026877$12001 $a*Pubblicazioni della Facoltà di Giurisprudenza di Catanzaro / Università degli Studi di Reggio Calabria$v24 700 1$aPiro$b, Isabella$3A600200054728$4070$0241275 801 0$aIT$bUNISOB$c20160217$gRICA 850 $aUNISOB 852 $aUNISOB$jFondo|Casavola$m144590 912 $aE600200050142 940 $aM 102 Monografia moderna SBN 941 $aM 957 $aFondo|Casavola$b000319$gSi$d144590$hCasavola$rdono$1menle$2UNISOB$3UNISOB$420090611123323.0$520160217115606.0$6petrellap 996 $aUsu in manum convenire$9185790 997 $aUNISOB